Statistiques concernant Les serpents dans les films

Cliquez ici pour prendre le quiz!

Statistiques générales

  • Ce quiz a été pris 114 fois
  • Le résultat moyen est 5 sur 12

Statistiques - réponses

Réponse% Correct
Le Livre de la Jungle
99%
Harry Potter à l'école des sorciers
98%
Les Aventuriers de l’Arche perdue
93%
Robin des Bois
72%
Conan le Barbare
32%
Anaconda le Predateur
31%
Des Serpents dans l'Avion
21%
Babylon
20%
Beetlejuice
17%
Kill Bill Vol. 2
12%
Python
8%
True Grit
0%

Distribution des résultats

Percentile par nombre de réponses

% des personnes avec chaque résultat

Votre développement - résultats

Vous n’avez pas pris ce quiz